000 00595nam a2200205 i 4500
001 43475
003 ES-MaACL
005 20250709062529.0
007 t|
008 030317s1970 sp b |||| | spa d
245 0 0 _aAlmanaques, anuarios y memorias
_b: catálogo 4 /
_cLibrería L. Blázquez.
260 _aMadrid :
_b[L. Blázquez],
_c[1970]
300 _a106 p. ;
_c22 cm.
655 7 _2tgfbne
_9226822
_aAnuarios
655 7 _2tgfbne
_9235471
_aCatálogos comerciales
710 2 _aLibrería L. Blázquez.
_9145230
852 _aES-MaACL
_jC-47538
942 _2udc
999 _c43475
_d43475